000 01049nam a22003617a 4500
001 BR7303958
003 BR-BrBNA
005 20230928084011.0
007 ta
008 230509b bl.||||| |||| 00| 0 por d
040 _aBR-BrBNA
_bpor
_cBiblioteca Nacional de Agricultura
041 _a(Por)
072 _aA50; F00
_b1540
_b/G514
090 _ 1540 BR7303958
100 1 _aNormanha, E.S.
100 1 _aMachado, E.L.
100 1 _aRamos, E.M.C.
100 1 _aCorrea, H.
100 1 _aFukuda, C.
100 1 _aConceicao, A.J. da
100 1 _aTakatsu, A.
110 1 _aEmpresa Brasileira de Pesquisa Agropecuaria, Brasilia, DF
_93834
245 1 _aAnteprojeto de implantacao do Centro Nacional de Mandioca [Instituicao de Pesquisa; Brasil]
260 3 _aBrasilia, DF (Brasil):
_c1975.
300 _a56 p.
500 _a4 illus.; 10 tables; 25 ref.
650 _aINSTITUICAO DE PESQUISA
650 _aPESQUISA AGRICOLA
650 _aMANDIOCA
650 _aRENDIMENTO
909 _a202309
_bLucia
_c55
_dLucia Elande
942 _cBK
999 _c16240
_d16240